Production and operations management (Record no. 1232)
[ view plain ]
| 000 -LEADER | |
|---|---|
| Fixed length control field | 00472nam a2200193 4500 |
| 003 - CONTROL NUMBER IDENTIFIER | |
| Control field | SEACOMMC |
| 005 - DATE AND TIME OF LATEST TRANSACTION | |
| Control field | 20250806155617.0 |
| 008 - FIXED-LENGTH DATA ELEMENTS--GENERAL INFORMATION | |
| Fixed length control field | 250806b |||||||| |||| 00| 0 eng d |
| 020 ## - INTERNATIONAL STANDARD BOOK NUMBER / ISBN | |
| International Standard Book Number | 9780070153288 |
| 040 ## - CATALOGING SOURCE | |
| Original cataloging agency | SEACOMMC |
| 082 ## - DEWEY DECIMAL CLASSIFICATION NUMBER | |
| Classification number | 658.5 |
| Book Number | S272PO |
| 100 ## - MAIN ENTRY--PERSONAL NAME | |
| Personal name | SAXENA, J. P. |
| 245 ## - TITLE STATEMENT | |
| Title | Production and operations management |
| 250 ## - EDITION STATEMENT | |
| Edition statement | 2nd ed. |
| 260 ## - IMPRINT | |
| Place of publication | New Delhi |
| Name of publisher | Tata McGrawhill |
| Date of publication | 2010 |
| 300 ## - PHYSICAL DESCRIPTION | |
| Page / Vol. No | xxiii,580 |
| 650 ## - SUBJECT ADDED ENTRY--TOPICAL TERM | |
| Topical term | Management |
| 942 ## - ADDED ENTRY ELEMENTS (KOHA) | |
| Koha item type | Books |
| Withdrawn status | Lost status | Source of classification | Damaged status | Not for loan | Home library | Current library | Date acquired | Total Checkouts | Call number | Accession number | Date last seen | Copy number | Price effective from | Koha item type |
|---|---|---|---|---|---|---|---|---|---|---|---|---|---|---|
| Dewey Decimal Classification | SEACOM MANAGEMENT COLLEGE | SEACOM MANAGEMENT COLLEGE | 30/08/2011 | 658.5 S272PO | M-3093 | 06/08/2025 | 1 | 06/08/2025 | Books | |||||
| Dewey Decimal Classification | SEACOM MANAGEMENT COLLEGE | SEACOM MANAGEMENT COLLEGE | 30/08/2011 | 658.5 S272PO | M-3094 | 06/08/2025 | 2 | 06/08/2025 | Books | |||||
| Dewey Decimal Classification | SEACOM MANAGEMENT COLLEGE | SEACOM MANAGEMENT COLLEGE | 30/08/2011 | 658.5 S272PO | M-3095 | 06/08/2025 | 3 | 06/08/2025 | Books |
